10 'Gen' Words Quiz Stats

 Plays Quiz Updated Apr 27, 2018

Also try: 10 'Hom' Words
Challenge
Share
Tweet
Embed
Score 0/10 Timer 03:00
5 Plays Today
Question Answer Wrong Answers
The study and tracing of
lines of descent or ancestry
Genealogy
98.3%
Genocide
0.3%
Genuflection
0.2%
Gentility
0.3%
A spirit of Arabian folklore,
capable of granting wishes when summoned
Genie
98.3%
General
0.2%
Gendarme
1.1%
Gentleman
0.2%
Exceptional intellectual or creative power,
or other natural ability
Genius
97.9%
Genitive
0.4%
Gentian
0.2%
Genus
1.5%
The deliberate killing of a large group of people,
especially those of a particular nation or ethnic group.
Genocide
97.2%
Genealogy
0.2%
Generalisation
0.4%
Gendarmerie
0.2%
The state of being male or female
(often socially or culturally rather than biologically)
Gender
96%
Gentility
0.4%
Genre
0.5%
Genus
1%
A style or category of art,
music, or literature
Genre
95%
Gendarmerie
0.3%
Genus
2.3%
Genera
1.1%
To lower one's body briefly by bending one knee to the ground,
usually in worship or as a sign of respect.
Genuflect
90.1%
Genoise
5.4%
Gendarme
1.8%
Gender
0.8%
Characterized by exaggerated or affected politeness,
refinement, or respectability
Genteel
89.9%
Gendarme
0.5%
Genitive
4.9%
Gentian
3.5%
A paramilitary police officer in France
and other French-speaking countries
Gendarme
86.9%
Genoise
11.8%
Genus
0.4%
Genie
0.2%
Plant with violet or vivid blue trumpet-shaped flowers,
some varieties with medicinal uses
Gentian
42.7%
Genus
6%
Genoise
42.1%
Gendarme
7.6%

You're not logged in!

Compare scores with friends on all Sporcle quizzes.
Join for Free
OR
Log In

You Might Also Like...

Show Comments

Extras

Top Quizzes Today


Score Distribution

Your Account Isn't Verified!

In order to create a playlist on Sporcle, you need to verify the email address you used during registration. Go to your Sporcle Settings to finish the process.

Report this User

Report this user for behavior that violates our Community Guidelines.

Details: